header

Active Directory disaster recovery (Record no. 247948)

MARC details
000 -LEADER
fixed length control field 01458nam a2200349Ia 4500
082 04 - DEWEY DECIMAL CLASSIFICATION NUMBER
Classification number 005.7/136
100 1# - MAIN ENTRY--AUTHOR NAME
Personal name Rommel, Florian.
245 10 - TITLE STATEMENT
Title Active Directory disaster recovery
260 ## - PUBLICATION, DISTRIBUTION, ETC. (IMPRINT)
Place of publication Birmingham, U.K. :
Name of publisher Packt Publishing Ltd.,
Year of publication c2008.
300 ## - PHYSICAL DESCRIPTION
Number of Pages 236 p. :
Other physical details ill.
500 ## - GENERAL NOTE
General note "Expert guidance on planning and implementing Active Directory disaster recovery plans."
650 #0 - SUBJECT ADDED ENTRY--TOPICAL TERM
Topical Term Directory services (Computer network technology)
Topical Term Data recovery (Computer science)
Topical Term Emergency management.
Topical Term Data protection.
856 40 - ELECTRONIC LOCATION AND ACCESS
Uniform Resource Identifier http://site.ebrary.com/lib/rucke/Doc?id=10448392

No items available.

© 2026 Rongo University
Contact us: librarian | system librarian | Rongo university